| 000 | 01369cam a2200325 a 4500 | ||
|---|---|---|---|
| 001 | 15189864 | ||
| 005 | 20090831114236.0 | ||
| 008 | 080222s2009 fluab b 001 0 eng | ||
| 010 | _a 2008008269 | ||
| 020 | _a9781420062199 | ||
| 020 | _a1420062190 | ||
| 035 | _a(OCoLC)ocn212376028 | ||
| 035 | _a(OCoLC)212376028 | ||
| 040 |
_aDLC _cDLC _dBAKER _dUKM _dYDXCP _dBTCTA _dC#P _dBWX _dCDX _dDLC |
||
| 050 | 0 | 0 |
_aTK7881.15 _b.E525 2009 |
| 082 | 0 | 0 |
_222 _a621.3 _bELS |
| 100 | 1 |
_aEl-Sharkawi, Mohamed A. _912880 |
|
| 245 | 1 | 0 |
_aElectric Energy : _bAn Introduction / _cMohamed A. El-Sharkawi. |
| 250 | _a2nd ed. | ||
| 260 |
_aBoca Raton : _bCRC Press, _cc2009. |
||
| 300 |
_axx, 470 p. : _bill. (some col.), maps (some col.) ; _c27 cm. |
||
| 490 | 0 | _aPower electronics and applications series | |
| 504 | _aIncludes bibliographical references and index. | ||
| 650 | 0 |
_aPower electronics. _912881 |
|
| 856 | 4 | 1 |
_3Table of contents only _uhttp://www.loc.gov/catdir/toc/ecip0811/2008008269.html |
| 856 | 4 | 2 |
_3Publisher description _uhttp://www.loc.gov/catdir/enhancements/fy0834/2008008269-d.html |
| 942 |
_2ddc _cBB |
||
| 999 |
_c13729 _d13729 |
||